000 00521nam a2200205Ia 4500
003 OSt
005 20250714111448.0
008 210210b2004 xxu||||| |||| 00| 0 eng d
020 _a81 203 0417 9
040 _cAL
041 _aeng
082 _a621.381958 MAND
100 _aM Morris Mano
_945155
245 _aDigital logic and computer design
260 _aND
_bPrentice-Hall of India Private Limited
_c2004
300 _axii,612p.
690 _aComputer Hardware
_945156
906 _a059198
942 _2ddc
_cBK
999 _c106194
_d106194